000 00657nam a22001935i 4500
001 170186
003 ES-MaACL
005 20251015063151.0
008 090210s1929 fr |||| | fre d
080 _a782.1
100 1 _aRichepin, Jean,
_d1849-1926
_996950
245 1 3 _aLe chemineau
_b: drame lyrique en quatre actes /
_cJean Richepin ; musique de Xavier Leroux.
260 _aParis :
_bEugène Fasquelle,
_c1929.
300 _a59 p. ;
_c19 cm.
650 1 4 _aÓperas-
_vLibretos.
_9137584
700 1 _aLeroux, Xavier.
_971793
852 _aES-MaACL
_j2247-F-7
_9R.141007
_z.- Biblioteca Jacinto Martínez Lacalle
999 _c170186
_d170186